[Event "Team men PL final"]
[Site "Sochi"]
[Date "2018.05.04"]
[Round "4.14"]
[White "Tomashevsky, Evgeny"]
[Black "Bocharov, Dmitry"]
[Result "1/2-1/2"]
[BlackElo "2594"]
[WhiteElo "2714"]
[LiveChessVersion "1.4.8"]

1. d4 {[%clk 1:30:52]} Nf6 {[%clk 1:30:44]} 2. c4 {[%clk 1:31:07]} e6
{[%clk 1:30:55]} 3. Nf3 {[%clk 1:31:27]} d5 {[%clk 1:30:51]} 4. Nc3
{[%clk 1:31:34]} Be7 {[%clk 1:30:26]} 5. Bf4 {[%clk 1:30:37]} O-O
{[%clk 1:30:14]} 6. e3 {[%clk 1:30:53]} b6 {[%clk 1:29:24]} 7. Bd3
{[%clk 1:29:09]} c5 {[%clk 1:25:44]} 8. dxc5 {[%clk 1:27:33]} bxc5
{[%clk 1:25:26]} 9. O-O {[%clk 1:27:06]} Bb7 {[%clk 1:23:15]} 10. cxd5
{[%clk 1:22:21]} exd5 {[%clk 1:22:31]} 11. Qb3 {[%clk 1:22:12]} Qb6
{[%clk 1:17:37]} 12. Qxb6 {[%clk 0:56:49]} axb6 {[%clk 1:17:47]} 13. Rfd1
{[%clk 0:57:16]} Na6 {[%clk 0:51:43]} 14. a3 {[%clk 0:48:33]} Rfd8
{[%clk 0:45:00]} 15. Nb5 {[%clk 0:40:58]} Bc6 {[%clk 0:34:11]} 16. Be2
{[%clk 0:36:36]} Ne4 {[%clk 0:27:57]} 17. Ne5 {[%clk 0:35:01]} Be8
{[%clk 0:26:22]} 18. Nf3 {[%clk 0:23:19]} g5 {[%clk 0:17:01]} 19. Be5
{[%clk 0:22:18]} f6 {[%clk 0:16:09]} 20. Bc3 {[%clk 0:22:44]} Nxc3
{[%clk 0:08:55]} 21. Nxc3 {[%clk 0:22:35]} Nc7 {[%clk 0:08:47]} 22. Bd3
{[%clk 0:23:00]} Kg7 {[%clk 0:07:06]} 23. Ne2 {[%clk 0:18:15]} Bd6
{[%clk 0:05:54]} 24. Rd2 {[%clk 0:14:42]} b5 {[%clk 0:03:26]} 25. Rc1
{[%clk 0:14:06]} c4 {[%clk 0:02:55]} 26. Bf5 {[%clk 0:14:08]} b4 {[%clk 0:03:02]}
27. axb4 {[%clk 0:14:33]} Bxb4 {[%clk 0:03:22]} 28. Nc3 {[%clk 0:14:19]} Nb5
{[%clk 0:01:52]} 29. Rxd5 {[%clk 0:08:45]} Bxc3 {[%clk 0:01:08]} 30. Rxd8
{[%clk 0:09:06]} Rxd8 {[%clk 0:01:23]} 31. bxc3 {[%clk 0:09:33]} Nxc3
{[%clk 0:01:44]} 32. Kf1 {[%clk 0:09:56]} Rd1+ {[%clk 0:01:07]} 33. Rxd1
{[%clk 0:10:15]} Nxd1 {[%clk 0:01:20]} 34. Ke1 {[%clk 0:05:11]} Nb2
{[%clk 0:00:50]} 35. Nd4 {[%clk 0:03:11]} Bf7 {[%clk 0:00:36]} 36. Kd2
{[%clk 0:02:48]} Na4 {[%clk 0:00:41]} 37. Bc2 {[%clk 0:01:10]} Nb6
{[%clk 0:00:47]} 38. Nf5+ {[%clk 0:00:45]} Kf8 {[%clk 0:00:42]} 39. Nd6
{[%clk 0:01:10]} Bd5 {[%clk 0:00:42]} 40. f3 {[%clk 0:30:39]} h5 {[%clk 0:31:01]}
41. Kc3 {[%clk 0:28:51]} h4 {[%clk 0:28:08]} 42. Be4 {[%clk 0:25:06]} Be6
{[%clk 0:17:08]} 43. Kd4 {[%clk 0:23:24]} Ke7 {[%clk 0:15:03]} 44. Nb5
{[%clk 0:23:32]} Bd7 {[%clk 0:12:12]} 45. Nc3 {[%clk 0:22:35]} Be6
{[%clk 0:11:52]} 46. Bb7 {[%clk 0:13:15]} Nd7 {[%clk 0:10:47]} 47. f4
{[%clk 0:13:40]} gxf4 {[%clk 0:10:45]} 48. exf4 {[%clk 0:14:05]} Nf8
{[%clk 0:04:43]} 49. Ba6 {[%clk 0:10:45]} Ng6 {[%clk 0:05:03]} 50. g3
{[%clk 0:11:11]} hxg3 {[%clk 0:05:24]} 51. hxg3 {[%clk 0:11:40]} f5
{[%clk 0:04:03]} 52. Bxc4 {[%clk 0:11:23]} Bxc4 {[%clk 0:04:27]} 53. Kxc4
{[%clk 0:11:51]} Ke6 {[%clk 0:03:35]} 54. Nb5 {[%clk 0:09:36]} Ne7
{[%clk 0:03:02]} 55. Kc5 {[%clk 0:02:58]} Ng8 {[%clk 0:02:31]} 56. Nd4+
{[%clk 0:01:57]} Kf6 {[%clk 0:02:32]} 57. Nc2 {[%clk 0:01:33]} Ke6
{[%clk 0:02:42]} 58. Nd4+ {[%clk 0:01:36]} Kf6 {[%clk 0:03:09]} 59. Nf3
{[%clk 0:01:12]} Ke6 {[%clk 0:01:53]} 60. Kc4 {[%clk 0:01:36]} Nh6
{[%clk 0:01:47]} 61. Ne5 {[%clk 0:01:26]} Ng8 {[%clk 0:02:06]} 62. Kd4
{[%clk 0:01:40]} Nf6 {[%clk 0:02:07]} 63. Ke3 {[%clk 0:02:08]} Nd5+
{[%clk 0:02:21]} 64. Kf2 {[%clk 0:02:26]} Nc3 {[%clk 0:02:40]} 65. Kf3
{[%clk 0:01:36]} Nd5 {[%clk 0:02:38]} 66. Nc6 {[%clk 0:01:45]} Kf6
{[%clk 0:03:01]} 67. Nd4 {[%clk 0:02:02]} Nc3 {[%clk 0:03:15]} 68. Ke3
{[%clk 0:02:25]} Na4 {[%clk 0:02:11]} 69. Nb5 {[%clk 0:02:11]} Nc5
{[%clk 0:02:30]} 70. Kd4 {[%clk 0:02:35]} Nb3+ {[%clk 0:02:12]} 71. Kd3
{[%clk 0:02:22]} Nc5+ {[%clk 0:02:34]} 72. Ke3 {[%clk 0:02:47]} Ne6
{[%clk 0:02:22]} 73. Nd4 {[%clk 0:02:41]} Nc5 {[%clk 0:02:36]} 74. Kf3
{[%clk 0:03:07]} Nd3 {[%clk 0:02:29]} 75. Kg2 {[%clk 0:03:32]} Nc5
{[%clk 0:02:49]} 76. Kh3 {[%clk 0:03:52]} Ne4 {[%clk 0:02:51]} 77. Kh4
{[%clk 0:04:12]} Kg6 {[%clk 0:02:55]} 78. Nc6 {[%clk 0:04:00]} Nd6
{[%clk 0:02:53]} 79. Ne7+ {[%clk 0:03:34]} Kf6 {[%clk 0:03:09]} 80. Nd5+
{[%clk 0:03:56]} Kg6 {[%clk 0:03:31]} 81. Nc3 {[%clk 0:03:45]} Kh6
{[%clk 0:03:47]} 82. g4 {[%clk 0:03:57]} 1/2-1/2

[Event "Team men PL final"]
[Site "Sochi"]
[Date "2018.05.04"]
[Round "4.16"]
[White "Riazantsev, Alexander"]
[Black "Tsydypov, Zhamsaran"]
[Result "1-0"]
[BlackElo "2525"]
[WhiteElo "2662"]
[LiveChessVersion "1.4.8"]

1. d4 {[%clk 1:30:58]} Nf6 {[%clk 1:30:01]} 2. c4 {[%clk 1:31:20]} e6
{[%clk 1:30:02]} 3. Nf3 {[%clk 1:31:11]} d5 {[%clk 1:30:06]} 4. Nc3
{[%clk 1:31:27]} Bb4 {[%clk 1:29:58]} 5. e3 {[%clk 1:28:07]} O-O {[%clk 1:25:57]}
6. Bd2 {[%clk 1:28:32]} b6 {[%clk 1:23:34]} 7. cxd5 {[%clk 1:27:29]} exd5
{[%clk 1:23:06]} 8. Rc1 {[%clk 1:27:33]} Bb7 {[%clk 1:21:36]} 9. Bd3
{[%clk 1:27:56]} c5 {[%clk 1:19:49]} 10. O-O {[%clk 1:24:41]} c4 {[%clk 1:13:35]}
11. Bb1 {[%clk 1:21:45]} Nc6 {[%clk 1:11:01]} 12. Ne5 {[%clk 1:18:40]} Re8
{[%clk 1:08:48]} 13. f4 {[%clk 1:12:12]} Bxc3 {[%clk 1:01:43]} 14. Bxc3
{[%clk 0:58:23]} b5 {[%clk 0:56:59]} 15. Rf3 {[%clk 0:58:30]} Ne7
{[%clk 0:50:24]} 16. Rh3 {[%clk 0:47:32]} Bc8 {[%clk 0:47:04]} 17. g4
{[%clk 0:39:47]} Ne4 {[%clk 0:38:24]} 18. Qf3 {[%clk 0:35:05]} Bb7
{[%clk 0:35:14]} 19. g5 {[%clk 0:28:14]} Bc8 {[%clk 0:28:39]} 20. Rxh7
{[%clk 0:26:24]} Kxh7 {[%clk 0:28:47]} 21. Qh5+ {[%clk 0:26:34]} Kg8
{[%clk 0:29:04]} 22. Qxf7+ {[%clk 0:26:38]} Kh7 {[%clk 0:28:26]} 23. Bxe4+
{[%clk 0:21:59]} dxe4 {[%clk 0:28:27]} 24. Ba5 {[%clk 0:22:27]} Qxa5
{[%clk 0:23:21]} 25. Qh5+ {[%clk 0:22:21]} Kg8 {[%clk 0:23:46]} 26. Qxe8+
{[%clk 0:22:45]} Kh7 {[%clk 0:24:14]} 27. Qxe7 {[%clk 0:20:55]} Bh3
{[%clk 0:24:30]} 28. g6+ {[%clk 0:18:13]} Kg8 {[%clk 0:24:56]} 29. Qf7+
{[%clk 0:18:36]} Kh8 {[%clk 0:25:20]} 30. Qd5 {[%clk 0:19:04]} 1-0

[Event "Team men PL final"]
[Site "Sochi"]
[Date "2018.05.04"]
[Round "4.18"]
[White "Lysyj, Igor"]
[Black "Khanin, Semen"]
[Result "1-0"]
[BlackElo "2477"]
[WhiteElo "2630"]
[LiveChessVersion "1.4.8"]

1. d4 {[%clk 1:30:57]} Nf6 {[%clk 1:30:55]} 2. c4 {[%clk 1:31:21]} e6
{[%clk 1:31:21]} 3. Nf3 {[%clk 1:31:46]} a6 {[%clk 1:31:47]} 4. Nc3
{[%clk 1:32:08]} d5 {[%clk 1:32:12]} 5. cxd5 {[%clk 1:32:32]} exd5
{[%clk 1:33:08]} 6. Bg5 {[%clk 1:33:28]} Be6 {[%clk 1:33:31]} 7. e3
{[%clk 1:33:51]} Nbd7 {[%clk 1:33:53]} 8. Bd3 {[%clk 1:34:12]} h6
{[%clk 1:34:14]} 9. Bf4 {[%clk 1:34:37]} g5 {[%clk 1:34:38]} 10. Bg3
{[%clk 1:35:03]} Nh5 {[%clk 1:35:00]} 11. Be5 {[%clk 1:35:21]} Nhf6
{[%clk 1:35:21]} 12. Bg3 {[%clk 1:35:03]} Nh5 {[%clk 1:35:47]} 13. Be5
{[%clk 1:35:26]} Nhf6 {[%clk 1:35:59]} 14. Qa4 {[%clk 1:35:31]} g4
{[%clk 1:29:26]} 15. Nd2 {[%clk 1:34:08]} b5 {[%clk 1:24:39]} 16. Bxf6
{[%clk 1:31:50]} Nxf6 {[%clk 1:25:03]} 17. Qc2 {[%clk 1:31:17]} h5
{[%clk 1:20:53]} 18. a4 {[%clk 1:22:22]} b4 {[%clk 1:15:07]} 19. Ne2
{[%clk 1:22:40]} Bd6 {[%clk 1:14:53]} 20. Nf4 {[%clk 1:12:19]} Bxf4
{[%clk 1:07:09]} 21. exf4 {[%clk 1:12:33]} Qd6 {[%clk 1:07:31]} 22. g3
{[%clk 1:09:04]} Kf8 {[%clk 1:07:47]} 23. O-O {[%clk 1:07:44]} h4
{[%clk 0:58:45]} 24. Rfc1 {[%clk 0:53:53]} hxg3 {[%clk 0:59:10]} 25. hxg3
{[%clk 0:54:12]} Ne4 {[%clk 0:45:50]} 26. Nxe4 {[%clk 0:49:47]} dxe4
{[%clk 0:46:16]} 27. Bxe4 {[%clk 0:50:13]} Rd8 {[%clk 0:46:41]} 28. Re1
{[%clk 0:26:54]} Bd5 {[%clk 0:31:41]} 29. Rad1 {[%clk 0:18:42]} f5
{[%clk 0:19:52]} 30. Bg2 {[%clk 0:14:42]} Be6 {[%clk 0:17:08]} 31. Re5
{[%clk 0:13:09]} Rh6 {[%clk 0:15:04]} 32. Rde1 {[%clk 0:12:41]} Bd7
{[%clk 0:14:48]} 33. Rd5 {[%clk 0:12:03]} Qb6 {[%clk 0:15:00]} 34. a5
{[%clk 0:11:04]} Qc6 {[%clk 0:14:50]} 35. Qxc6 {[%clk 0:11:09]} 1-0

[Event "Team men PL final"]
[Site "Sochi"]
[Date "2018.05.04"]
[Round "4.19"]
[White "Bezgodov, Alexei"]
[Black "Shinkevich, Vitaly"]
[Result "1/2-1/2"]
[BlackElo "2433"]
[WhiteElo "2460"]
[LiveChessVersion "1.4.8"]

1. e4 {[%clk 1:30:55]} e5 {[%clk 1:28:51]} 2. Nf3 {[%clk 1:31:12]} Nc6
{[%clk 1:29:18]} 3. Bb5 {[%clk 1:31:33]} a6 {[%clk 1:28:58]} 4. Ba4
{[%clk 1:31:57]} Nf6 {[%clk 1:29:23]} 5. O-O {[%clk 1:32:11]} b5 {[%clk 1:29:28]}
6. Bb3 {[%clk 1:32:36]} Bb7 {[%clk 1:29:55]} 7. d3 {[%clk 1:32:47]} Bc5
{[%clk 1:29:58]} 8. Nc3 {[%clk 1:32:29]} O-O {[%clk 1:29:17]} 9. Bd2
{[%clk 1:15:22]} h6 {[%clk 1:15:47]} 10. Nd5 {[%clk 1:03:15]} d6 {[%clk 1:10:24]}
11. c3 {[%clk 0:57:20]} Rb8 {[%clk 1:02:53]} 12. Rc1 {[%clk 0:46:06]} Ba7
{[%clk 0:57:07]} 13. a3 {[%clk 0:42:23]} Nd7 {[%clk 0:55:37]} 14. Ba2
{[%clk 0:40:33]} Ne7 {[%clk 0:52:30]} 15. Ne3 {[%clk 0:33:47]} Nf6
{[%clk 0:39:11]} 16. c4 {[%clk 0:27:48]} Ng6 {[%clk 0:33:04]} 17. Ba5
{[%clk 0:22:35]} Rc8 {[%clk 0:27:35]} 18. h3 {[%clk 0:16:46]} Qd7
{[%clk 0:25:14]} 19. Nh2 {[%clk 0:14:41]} Nf4 {[%clk 0:24:14]} 20. b3
{[%clk 0:12:35]} Nh7 {[%clk 0:17:17]} 21. Nd5 {[%clk 0:11:53]} Nxd5
{[%clk 0:14:16]} 22. cxd5 {[%clk 0:11:33]} f5 {[%clk 0:14:13]} 23. Bd2
{[%clk 0:11:44]} Nf6 {[%clk 0:13:29]} 24. Qe2 {[%clk 0:11:59]} c6
{[%clk 0:13:32]} 25. dxc6 {[%clk 0:11:14]} Bxc6 {[%clk 0:12:35]} 26. b4+
{[%clk 0:11:20]} Kh8 {[%clk 0:12:09]} 27. exf5 {[%clk 0:11:20]} Qxf5
{[%clk 0:12:00]} 28. Be3 {[%clk 0:11:33]} Bxe3 {[%clk 0:09:42]} 29. fxe3
{[%clk 0:11:25]} Qg6 {[%clk 0:09:23]} 30. Be6 {[%clk 0:10:49]} Rc7
{[%clk 0:05:15]} 31. Ng4 {[%clk 0:10:14]} Qe8 {[%clk 0:04:18]} 32. Bb3
{[%clk 0:09:04]} Re7 {[%clk 0:02:37]} 33. Nxf6 {[%clk 0:08:39]} gxf6
{[%clk 0:03:06]} 34. e4 {[%clk 0:08:47]} Rg7 {[%clk 0:03:22]} 35. Rf5
{[%clk 0:05:31]} Bd7 {[%clk 0:03:37]} 36. Rh5 {[%clk 0:04:36]} Qg6
{[%clk 0:03:53]} 37. Rf1 {[%clk 0:04:34]} f5 {[%clk 0:03:37]} 38. exf5
{[%clk 0:04:08]} Rxf5 {[%clk 0:04:04]} 39. Rhxf5 {[%clk 0:04:19]} Bxf5
{[%clk 0:04:32]} 40. Rf3 {[%clk 0:34:30]} e4 {[%clk 0:32:23]} 41. dxe4
{[%clk 0:32:59]} Bxe4 {[%clk 0:32:45]} 42. Rf2 {[%clk 0:32:58]} d5
{[%clk 0:28:14]} 1/2-1/2

[Event "Team men PL final"]
[Site "Sochi"]
[Date "2018.05.04"]
[Round "4.20"]
[White "Palachev, Petr"]
[Black "Looshnikov, Nikolai"]
[Result "1-0"]
[BlackElo "2435"]
[WhiteElo "2402"]
[LiveChessVersion "1.4.8"]

1. Nf3 {[%clk 1:30:57]} d5 {[%clk 1:29:57]} 2. c4 {[%clk 1:31:09]} e6
{[%clk 1:29:07]} 3. g3 {[%clk 1:31:15]} Nf6 {[%clk 1:28:29]} 4. Bg2
{[%clk 1:31:15]} a6 {[%clk 1:26:37]} 5. b3 {[%clk 1:31:31]} Be7 {[%clk 1:17:16]}
6. O-O {[%clk 1:31:38]} O-O {[%clk 1:17:41]} 7. Bb2 {[%clk 1:31:48]} c6
{[%clk 1:02:14]} 8. d4 {[%clk 1:31:34]} b6 {[%clk 1:00:14]} 9. Nc3
{[%clk 1:30:38]} Bb7 {[%clk 1:00:04]} 10. Nd2 {[%clk 1:28:59]} c5
{[%clk 0:51:39]} 11. dxc5 {[%clk 1:28:39]} Bxc5 {[%clk 0:48:09]} 12. cxd5
{[%clk 1:19:56]} exd5 {[%clk 0:45:34]} 13. Nf3 Re8 {[%clk 0:43:25]} 14. Rc1
{[%clk 1:11:16]} Nbd7 {[%clk 0:39:58]} 15. e3 {[%clk 0:52:35]} Rc8
{[%clk 0:32:09]} 16. Ne1 {[%clk 0:37:05]} Ne5 {[%clk 0:22:21]} 17. Nd3
{[%clk 0:37:29]} Nxd3 {[%clk 0:18:27]} 18. Qxd3 Ne4 {[%clk 0:18:27]} 19. Na4
{[%clk 0:24:14]} Qg5 {[%clk 0:15:36]} 20. Rc2 {[%clk 0:17:58]} Qh5
{[%clk 0:03:31]} 21. Rfc1 {[%clk 0:17:58]} Rcd8 {[%clk 0:03:36]} 22. Bd4
{[%clk 0:03:55]} Bxd4 {[%clk 0:03:47]} 23. Qxd4 {[%clk 0:03:55]} b5
{[%clk 0:03:55]} 24. Nc5 {[%clk 0:01:57]} Bc8 {[%clk 0:03:51]} 25. h4
{[%clk 0:00:48]} h6 {[%clk 0:00:40]} 26. Nd3 {[%clk 0:00:57]} g5 {[%clk 0:00:34]}
27. hxg5 {[%clk 0:01:14]} hxg5 {[%clk 0:00:51]} 28. Rc6 {[%clk 0:01:21]} Bh3
{[%clk 0:00:35]} 29. Nb4 {[%clk 0:00:35]} g4 {[%clk 0:00:35]} 30. Bh1
{[%clk 0:00:34]} Qf5 {[%clk 0:00:43]} 31. Nd3 {[%clk 0:00:45]} Re6
{[%clk 0:00:34]} 32. Nf4 {[%clk 0:00:41]} Rxc6 {[%clk 0:00:35]} 33. Rxc6
{[%clk 0:01:06]} Rd6 {[%clk 0:00:32]} 34. Bxe4 {[%clk 0:01:18]} 1-0

[Event "Team men PL final"]
[Site "Sochi"]
[Date "2018.05.04"]
[Round "4.21"]
[White "Drygalov, Andrey"]
[Black "Skatchkov, Valery"]
[Result "1-0"]
[BlackElo "2338"]
[WhiteElo "2431"]
[LiveChessVersion "1.4.8"]

1. d4 {[%clk 1:30:58]} Nf6 {[%clk 1:30:49]} 2. c4 {[%clk 1:31:22]} e6
{[%clk 1:31:13]} 3. Nf3 {[%clk 1:31:48]} b6 {[%clk 1:31:36]} 4. g3
{[%clk 1:32:13]} Bb7 {[%clk 1:31:58]} 5. Bg2 {[%clk 1:32:37]} Be7
{[%clk 1:32:20]} 6. O-O {[%clk 1:33:00]} O-O {[%clk 1:32:47]} 7. Re1
{[%clk 1:33:26]} Na6 {[%clk 1:32:57]} 8. Nc3 {[%clk 1:33:48]} Ne4
{[%clk 1:32:56]} 9. Bf4 {[%clk 1:34:08]} Nxc3 {[%clk 1:29:55]} 10. bxc3
{[%clk 1:34:33]} Be4 {[%clk 1:30:20]} 11. Bf1 {[%clk 1:35:00]} d6
{[%clk 1:20:29]} 12. Nd2 {[%clk 1:32:16]} Bb7 {[%clk 1:20:48]} 13. e4
{[%clk 1:31:35]} Bf6 {[%clk 1:15:46]} 14. Be3 {[%clk 1:24:32]} e5
{[%clk 0:52:36]} 15. Rb1 {[%clk 1:19:37]} Qe7 {[%clk 0:37:27]} 16. Bg2
{[%clk 1:17:25]} Rad8 {[%clk 0:28:08]} 17. a3 {[%clk 1:07:22]} g6
{[%clk 0:27:13]} 18. Qe2 {[%clk 0:56:16]} Bg7 {[%clk 0:27:11]} 19. f4
{[%clk 0:51:41]} Nb8 {[%clk 0:23:09]} 20. Qf2 {[%clk 0:44:36]} c5
{[%clk 0:20:01]} 21. d5 {[%clk 0:31:03]} exf4 {[%clk 0:18:05]} 22. gxf4
{[%clk 0:31:27]} Bxc3 {[%clk 0:18:30]} 23. Rb3 {[%clk 0:27:52]} Bg7
{[%clk 0:17:31]} 24. Qg3 {[%clk 0:24:04]} Rfe8 {[%clk 0:15:18]} 25. Bf2
{[%clk 0:23:43]} Nd7 {[%clk 0:12:32]} 26. Rbe3 {[%clk 0:11:49]} f6
{[%clk 0:12:35]} 27. h4 {[%clk 0:11:30]} Nf8 {[%clk 0:11:18]} 28. h5
{[%clk 0:08:12]} Ba6 {[%clk 0:03:51]} 29. hxg6 {[%clk 0:08:22]} hxg6
{[%clk 0:03:42]} 30. Bf1 {[%clk 0:08:29]} Qd7 {[%clk 0:03:08]} 31. Qh4
{[%clk 0:07:05]} Re7 {[%clk 0:02:52]} 32. Bh3 {[%clk 0:05:39]} Qc7
{[%clk 0:03:15]} 33. e5 {[%clk 0:02:12]} fxe5 {[%clk 0:02:23]} 34. fxe5
{[%clk 0:01:25]} Bxe5 {[%clk 0:01:45]} 35. Ne4 {[%clk 0:01:08]} Rh7
{[%clk 0:01:09]} 36. Nf6+ {[%clk 0:01:31]} Bxf6 {[%clk 0:01:21]} 37. Qxf6
{[%clk 0:01:57]} Rf7 {[%clk 0:01:37]} 38. Qg5 {[%clk 0:01:55]} Nh7
{[%clk 0:01:07]} 39. Qh4 {[%clk 0:01:32]} Kg7 {[%clk 0:01:16]} 40. Re7
{[%clk 0:31:11]} g5 {[%clk 0:30:58]} 41. Bd4+ {[%clk 0:26:38]} Kg8
{[%clk 0:31:23]} 42. Re8+ {[%clk 0:26:52]} 1-0

[Event "Team men PL final"]
[Site "Sochi"]
[Date "2018.05.04"]
[Round "4.22"]
[White "Natacheev, Peter"]
[Black "Gutenev, Alexander"]
[Result "1/2-1/2"]
[BlackElo "2474"]
[WhiteElo "2243"]
[LiveChessVersion "1.4.8"]

1. d4 {[%clk 1:30:45]} Nf6 {[%clk 1:30:51]} 2. Nf3 {[%clk 1:30:49]} g6
{[%clk 1:30:32]} 3. Bg5 {[%clk 1:29:48]} Bg7 {[%clk 1:30:30]} 4. Nbd2
{[%clk 1:29:31]} d5 {[%clk 1:27:15]} 5. e3 {[%clk 1:29:27]} O-O {[%clk 1:26:12]}
6. Bd3 {[%clk 1:29:10]} b6 {[%clk 1:24:49]} 7. O-O {[%clk 1:20:11]} Bb7
{[%clk 1:25:14]} 8. c3 {[%clk 1:18:41]} c5 {[%clk 1:23:04]} 9. Ne5
{[%clk 1:15:48]} Nfd7 {[%clk 1:16:58]} 10. Nxd7 {[%clk 1:14:20]} Qxd7
{[%clk 1:13:50]} 11. f4 {[%clk 1:10:36]} e6 {[%clk 1:08:55]} 12. Nf3
{[%clk 1:08:34]} f6 {[%clk 1:03:16]} 13. Bh4 {[%clk 1:07:04]} Nc6
{[%clk 1:03:40]} 14. dxc5 {[%clk 0:52:51]} bxc5 {[%clk 1:02:01]} 15. e4
{[%clk 0:52:56]} Bh6 {[%clk 0:48:34]} 16. exd5 {[%clk 0:42:58]} exd5
{[%clk 0:44:39]} 17. Bf2 {[%clk 0:41:54]} Bxf4 {[%clk 0:38:19]} 18. Bxc5
{[%clk 0:40:09]} Bd6 {[%clk 0:38:23]} 19. Bf2 {[%clk 0:33:40]} Ne5
{[%clk 0:37:37]} 20. Be2 {[%clk 0:33:38]} Ng4 {[%clk 0:34:08]} 21. Bd4
{[%clk 0:32:59]} Bf4 {[%clk 0:26:56]} 22. Ne1 {[%clk 0:19:14]} Be3+
{[%clk 0:22:27]} 23. Kh1 {[%clk 0:19:04]} Bxd4 {[%clk 0:22:42]} 24. Bxg4
{[%clk 0:15:24]} f5 {[%clk 0:23:06]} 25. Bxf5 {[%clk 0:14:00]} Rxf5
{[%clk 0:21:46]} 26. Rxf5 {[%clk 0:14:25]} Qxf5 {[%clk 0:19:30]} 27. Qxd4
{[%clk 0:14:24]} Qf1+ {[%clk 0:19:05]} 28. Qg1 {[%clk 0:14:48]} Qb5
{[%clk 0:15:44]} 29. Nf3 {[%clk 0:14:43]} d4 {[%clk 0:14:50]} 30. Qxd4
{[%clk 0:12:55]} Qxb2 {[%clk 0:14:48]} 31. Re1 {[%clk 0:04:56]} Rf8
{[%clk 0:14:44]} 32. Kg1 {[%clk 0:04:26]} Bxf3 {[%clk 0:05:10]} 33. gxf3
{[%clk 0:04:51]} Qxa2 {[%clk 0:04:17]} 34. Re7 {[%clk 0:03:36]} Rf7
{[%clk 0:04:42]} 35. Re8+ {[%clk 0:02:42]} Rf8 {[%clk 0:05:08]} 36. Re7
{[%clk 0:02:47]} Rf7 {[%clk 0:05:24]} 37. Re8+ {[%clk 0:02:51]} Rf8
{[%clk 0:05:50]} 38. Re7 {[%clk 0:03:19]} 1/2-1/2

[Event "Team men PL final"]
[Site "Sochi"]
[Date "2018.05.04"]
[Round "4.23"]
[White "Drygalov, Sergey"]
[Black "Pogorelskikh, Sergey"]
[Result "1-0"]
[BlackElo "2142"]
[WhiteElo "2418"]
[LiveChessVersion "1.4.8"]

1. e4 {[%clk 1:30:57]} e5 {[%clk 1:30:18]} 2. Nf3 {[%clk 1:31:02]} Nc6
{[%clk 1:30:43]} 3. Bc4 {[%clk 1:28:43]} Nf6 {[%clk 1:28:39]} 4. d3
{[%clk 1:29:06]} Be7 {[%clk 1:26:36]} 5. c3 {[%clk 1:29:11]} O-O {[%clk 1:26:46]}
6. O-O {[%clk 1:28:35]} d6 {[%clk 1:27:07]} 7. Bb3 {[%clk 1:28:48]} h6
{[%clk 1:25:56]} 8. Nbd2 {[%clk 1:28:57]} Nh7 {[%clk 1:25:07]} 9. Nc4
{[%clk 1:17:29]} Ng5 {[%clk 1:23:56]} 10. Ne3 {[%clk 1:16:06]} Nxf3+
{[%clk 1:23:29]} 11. Qxf3 {[%clk 1:15:39]} Bg5 {[%clk 1:23:44]} 12. Rd1
{[%clk 1:00:15]} Be6 {[%clk 1:23:04]} 13. Bc2 {[%clk 1:00:20]} Qf6
{[%clk 1:21:56]} 14. Qxf6 {[%clk 0:55:39]} Bxf6 {[%clk 1:22:11]} 15. b4
{[%clk 0:54:53]} Ne7 {[%clk 1:18:58]} 16. a4 {[%clk 0:47:53]} Bg5
{[%clk 1:15:44]} 17. Ba3 {[%clk 0:44:47]} Bxe3 {[%clk 1:14:00]} 18. fxe3
{[%clk 0:44:12]} f5 {[%clk 1:14:24]} 19. exf5 {[%clk 0:43:44]} Nxf5
{[%clk 1:14:35]} 20. Re1 {[%clk 0:44:06]} Nh4 {[%clk 1:11:23]} 21. Rf1
{[%clk 0:38:05]} Rxf1+ {[%clk 1:09:28]} 22. Rxf1 {[%clk 0:38:31]} Rf8
{[%clk 1:09:52]} 23. Rxf8+ {[%clk 0:37:22]} Kxf8 {[%clk 1:10:16]} 24. Kf2
{[%clk 0:37:45]} Kf7 {[%clk 1:09:33]} 25. a5 {[%clk 0:35:34]} a6 {[%clk 1:08:57]}
26. e4 {[%clk 0:33:21]} Ng6 {[%clk 1:08:43]} 27. Ke3 {[%clk 0:31:23]} Kf6
{[%clk 1:07:11]} 28. Bd1 {[%clk 0:27:35]} Nf4 {[%clk 1:01:29]} 29. g3
{[%clk 0:27:54]} Ng6 {[%clk 1:00:55]} 30. Be2 {[%clk 0:25:11]} Bd7
{[%clk 1:00:04]} 31. d4 {[%clk 0:21:23]} Ke7 {[%clk 0:58:41]} 32. d5
{[%clk 0:20:30]} Nf8 {[%clk 0:58:07]} 33. c4 {[%clk 0:18:22]} Bc8
{[%clk 0:48:05]} 34. c5 {[%clk 0:17:23]} Nd7 {[%clk 0:45:19]} 35. Bg4
{[%clk 0:16:35]} Kd8 {[%clk 0:42:54]} 36. Be2 {[%clk 0:09:56]} Nb8
{[%clk 0:41:36]} 37. b5 {[%clk 0:09:06]} dxc5 {[%clk 0:40:16]} 38. Bxc5
{[%clk 0:09:01]} Nd7 {[%clk 0:40:00]} 39. bxa6 {[%clk 0:06:33]} bxa6
{[%clk 0:40:03]} 40. Bb4 {[%clk 0:36:45]} g6 {[%clk 1:06:39]} 41. Kd3
{[%clk 0:28:28]} Ke8 {[%clk 0:57:23]} 42. Ke3 {[%clk 0:21:12]} h5
{[%clk 0:56:40]} 43. Bc3 {[%clk 0:19:59]} Ke7 {[%clk 0:54:57]} 44. Bf1
{[%clk 0:19:45]} g5 {[%clk 0:52:31]} 45. Be2 {[%clk 0:19:51]} g4 {[%clk 0:52:50]}
46. Bb4+ {[%clk 0:19:54]} Kf6 {[%clk 0:52:04]} 47. Bd1 {[%clk 0:19:21]} Nb8
{[%clk 0:51:09]} 48. Bc5 {[%clk 0:17:56]} Nd7 {[%clk 0:50:50]} 49. Ba3
{[%clk 0:18:19]} Nb8 {[%clk 0:50:57]} 50. Be2 {[%clk 0:11:57]} Nd7
{[%clk 0:49:54]} 51. Bd3 {[%clk 0:11:50]} Nb8 {[%clk 0:50:04]} 52. Kd2
{[%clk 0:11:49]} Nd7 {[%clk 0:49:49]} 53. Kc3 {[%clk 0:11:59]} Kf7
{[%clk 0:49:42]} 54. Bc2 {[%clk 0:10:27]} Bb7 {[%clk 0:48:09]} 55. Ba4
{[%clk 0:09:09]} Nf6 {[%clk 0:47:15]} 56. Kd3 {[%clk 0:09:07]} Nh7
{[%clk 0:46:07]} 57. Bc1 {[%clk 0:09:03]} Ke7 {[%clk 0:46:29]} 58. Kc4
{[%clk 0:08:45]} Nf8 {[%clk 0:46:12]} 59. Bg5+ {[%clk 0:09:06]} Kf7
{[%clk 0:45:29]} 60. Bd8 {[%clk 0:09:31]} Nh7 {[%clk 0:45:35]} 61. Bxc7
{[%clk 0:09:32]} Ng5 {[%clk 0:45:52]} 62. d6 {[%clk 0:09:00]} 1-0